000 00381pam a2200157a 44500
008 230515b2008 xxu||||| |||| 00| 0 eng d
020 _aNULL
041 _aENGLISH
082 _a005.3 ELLIS
100 _aHOROWITZ E S SARRAY SAHANI
245 _aFUNDAMENTALS OF COMPUTER ALGORITHM
250 _a2
260 _aNULL
_bUNIVERSITY PRESS
_c2008
300 _a773
650 _aNULL
999 _c658329
_d658329